Statistiken für Gemeinden im Landkreis Waldshut

Klicken Sie hier um das Quiz zu spielen!

Allgemein

  • Dieses Quiz wurde 33 mal gespielt
    (32 seit der letzten Aktualisierung)
  • Das Durchschnittsergebnis liegt bei 17 aus 32

Antwortstatistiken

% Korrekt
Waldshut-Tiengen
90%
Albbruck
75%
St. Blasien
75%
Bad Säckingen
70%
Lauchringen
70%
Ühlingen-Birkendorf
65%
Häusern
60%
Klettgau
60%
Laufenberg
60%
Stühlingen
60%
Bonndorf im Schwarzwald
55%
Jestetten
55%
Wutach
55%
Bernau im Schwarzwald
50%
Görwihl
50%
Höchenschwand
50%
Küssaberg
50%
Murg
50%
Dogern
45%
Lottstetten
45%
Todtmoos
45%
Wehr
45%
Weilheim
45%
Dachsberg
40%
Grafenhausen
40%
Herrischried
40%
Hohentengen am Hochrhein
40%
Ibach
40%
Rickenbach
35%
Wutöschingen
35%
Dettighofen
30%
Eggingen
25%

Verteilung der Resultate

Perzentil nach korrekt beantworteten Fragen

Anzahl Personen mit jedem Resultat

Ihre Resultats-Entwicklung

Sie haben dieses Quiz seit der letzten Aktualisierung nicht gespielt